00945nam a22002297a 4500010001300000020002600013035001300039037001800052040001200070082001300082110005200095245009400147260010200241270009600343300002300439650002800462650003800490650001000528942002200538999001900560952013600579 aB-406604 a9788123016177c345.00 aB-406604 bCen Lib / Ret aDPLbEn a954bIND bIndia. Ministry of Information and Broadcasting aIndia, 2010 :b a reference annual /cby India. Ministry of Information and Broadcasting aNew DelhibPublications Division, Ministry of Information and Broadcasting, Govt. of India,c2010 aPublications Division, Ministry of Information and Broadcasting, Govt. of India,bNew Delhi a1286p ;c27cm(PBK) a India -- Periodicals.  aIndia -- Handbooks, manuals, etc. aIndia 2ddccENh954mIND c137053d137053 00104070aLbLd2016-03-15eCen Lib/Retg345.00l1o954 INDpB-406604r2017-12-29 00:00:00s2017-12-15t1v345.00w2016-03-15yEN